Osoby s mentálním postižením ve světle současných edukativních trendů /

Hlavní autor: Pipeková, Jarmila, 1955-
Jazyk: Čeština
Vydáno: Brno : MSD, 2006
Vydání: Vyd. 1.
Témata:
Fyzický popis: 208 s. : il. ; 21 cm
Language note: Anglické resumé
Knihy
Uloženo v:
LEADER 01989nam a2200529 a 4500
001 nkc20061642232
003 CZ PrNK
005 20060425103939.0
007 ta
008 060209s2006 xr a f 001 0 cze
015 |a cnb001642232 
020 |a 80-86633-40-3  |q (brož.) 
035 |a (OCoLC)85526511 
040 |a OLA001  |b cze  |d ABA001 
041 0 |a cze  |b eng 
043 |a e-xr--- 
072 7 |a 376  |x Výchova a vzdělávání zvláštních skupin osob  |2 Konspekt  |9 22 
080 |a 316.344.6-056.36  |2 MRF 
080 |a 364-786  |2 MRF 
080 |a 376.1-056.36  |2 MRF 
080 |a 331.53-056.26/.3  |2 MRF 
080 |a (437.3)  |2 MRF 
080 |a (048.8)  |2 MRF 
100 1 |a Pipeková, Jarmila,  |d 1955-  |7 xx0001377  |4 aut 
245 1 0 |a Osoby s mentálním postižením ve světle současných edukativních trendů /  |c Jarmila Pipeková 
250 |a Vyd. 1. 
260 |a Brno :  |b MSD,  |c 2006 
300 |a 208 s. :  |b il. ;  |c 21 cm 
500 |a 300 výt. 
504 |a Obsahuje bibliografii a rejstříky 
546 |a Anglické resumé 
650 0 7 |a osoby s mentálním postižením  |7 ph115263  |z Česko  |2 czenas 
650 0 7 |a sociální integrace  |7 ph125789  |z Česko  |2 czenas 
650 0 7 |a psychopedie  |7 ph124820  |z Česko  |2 czenas 
650 0 7 |a zaměstnávání osob se zdravotním postižením  |7 ph139255  |z Česko  |2 czenas 
650 0 9 |a people with mental disabilities  |z Czechia  |2 eczenas 
650 0 9 |a social integration  |z Czechia  |2 eczenas 
650 0 9 |a education of people with mental disabilities  |z Czechia  |2 eczenas 
650 0 9 |a employment of people with disabilities  |z Czechia  |2 eczenas 
655 7 |a studie  |7 fd133597  |2 czenas 
655 9 |a studies  |2 eczenas 
910 2 |a BOA001  |b 2-1164.007 
990 |a BK 
995 |a 01 
991 |b 200603  |c NOV 
996 6 |b 2610271554  |c 2-1164.007  |l MZK  |r Sklad / do 1 hodiny  |n 33  |p p.v.  |w 000808376  |u 000010  |a 1  |e BOA001  |j MZK50  |s P 
996 7 |b 2610271555  |c 2-1164.007  |l Vol.výběr  |r VV 0p  |n 102  |p p.v.  |h 376 PIP  |w 000808376  |u 000020  |a 0  |e BOA001  |j MZK50  |s A